Top 'D' Boys' Names by Decade (France) Quiz Stats

 Plays Quiz not verified by Sporcle

Support Sporcle.
Go Orange.
Score 0/60 Timer 10:00
0 Plays Today
Year Name % Correct
1900David
96%
1910David
96%
1920David
96%
1960David
96%
1970David
96%
1980David
96%
1990David
96%
2000David
96%
2010David
96%
1900Daniel
90.9%
1910Daniel
90.9%
1920Daniel
90.9%
1930Daniel
90.9%
1940Daniel
90.9%
1950Daniel
90.9%
1960Daniel
90.9%
1970Daniel
90.9%
1980Daniel
90.9%
1990Daniel
90.9%
1980Damien
78.8%
1990Damien
78.8%
2000Damien
78.8%
2010Damien
78.8%
1900Denis
70.7%
1910Denis
70.7%
1920Denis
70.7%
1930Denis
70.7%
1940Denis
70.7%
1950Denis
70.7%
1960Denis
70.7%
Year Name % Correct
1970Denis
70.7%
1980Denis
70.7%
1900Dominique
69.7%
1910Dominique
69.7%
1920Dominique
69.7%
1930Dominique
69.7%
1940Dominique
69.7%
1950Dominique
69.7%
1960Dominique
69.7%
1970Dominique
69.7%
2000Dylan
61.6%
2010Dylan
61.6%
1990Dorian
57.6%
2000Dorian
57.6%
2010Dorian
57.6%
1930Didier
48.5%
1940Didier
48.5%
1950Didier
48.5%
1960Didier
48.5%
1970Didier
48.5%
1980Didier
48.5%
1900Désiré
32.3%
1910Désiré
32.3%
1920Désiré
32.3%
1930Désiré
32.3%
1940Désiré
32.3%
2010Diego
32.3%
1990Dimitri
25.3%
2000Dimitri
25.3%
1950Dany
20.2%

You're not logged in!

Compare scores with friends on all Sporcle quizzes.
OR
Log In

From the Vault

MLB - Most 30 Save Seasons per Franchise

by caramba

These pitchers really saved the season.
Remove Ads.
Support Sporcle.
Get the best of Sporcle when you Go Orange. This ad-free experience offers more features, more stats, and more fun while also helping to support Sporcle. Thank you for becoming a member.

Show Comments

Extras

Top Quizzes Today


Score Distribution

Your Account Isn't Verified!

In order to create a playlist on Sporcle, you need to verify the email address you used during registration. Go to your Sporcle Settings to finish the process.

Report this User

Report this user for behavior that violates our Community Guidelines.

Details: